000
00477nam a22001217a 4500
003
SGT
082
_a
891.4309
_b
S16R
100
_a
राठौड़, हनुमान सिंह
245
_a
शैक्षिक अवदान : बाबा साहेब डॉ. भीमराव अम्बेडकर
260
_b
अखिल भारतीय राष्ट्रीय शैक्षिक महासंघ
_c
2016
300
_a
128
942
_2
ddc
_c
BK
999
_c
29676
_d
29676